[Event "Macieja Memorial"]
[Site "Warsaw POL"]
[Date "2022.07.08"]
[Round "6.10"]
[White "Sriram, Jha"]
[Black "Licznerski, Lukasz"]
[Result "0-1"]
[WhiteElo "2239"]
[BlackElo "2387"]
[EventDate "????.??.??"]
[PlyCount "98"]

1.d4 Nf6 2.Nf3 g6 3.g3 Bg7 4.Bg2 d5 5.O-O O-O 6.c4 dxc4 7.Na3 c3 8.bxc3 c5 
9.Re1 Nc6 10.e3 Bf5 11.Nc4 Rc8 12.Ncd2 cxd4 13.Nxd4 Bd7 14.N2b3 b6 15.Ba3 Ne5 
16.Bb2 Nc4 17.Bc1 e5 18.Nf3 Qe7 19.Nbd2 Nxd2 20.Bxd2 Ne4 21.Rc1 Rfd8 22.Qe2 Be6 
23.Red1 Bxa2 24.Be1 Bc4 25.Rxd8+ Qxd8 26.Qb2 Nc5 27.Qa3 a5 28.Nd2 Bd5 29.e4 Be6 
30.Rb1 Nd3 31.Nf3 Bf8 32.Qa4 Nxe1 33.Rxe1 Rxc3 34.Nxe5 Qd2 35.Rf1 Bc5 36.Qe8+ 
Kg7 37.Nf3 Qd7 38.Qa8 Qe7 39.h4 Rc2 40.Ng5 Bc4 41.Rd1 Rxf2 42.Kh2 h6 43.Rd8 
hxg5 44.Rg8+ Kf6 45.Qc6+ Qd6 46.hxg5+ Kxg5 47.Qb7 Rxg2+ 48.Kxg2 Qd2+ 49.Kf3 
Qe2# 0-1

[Event "Macieja Memorial"]
[Site "Warsaw POL"]
[Date "2022.07.08"]
[Round "6.11"]
[White "Pacan-milej, Kosma"]
[Black "Gdanski, Jacek"]
[Result "1/2-1/2"]
[WhiteElo "2183"]
[BlackElo "2385"]
[EventDate "????.??.??"]
[PlyCount "107"]

1.d4 Nf6 2.c4 c5 3.d5 d6 4.Nc3 g6 5.e4 Bg7 6.h3 e6 7.Bd3 exd5 8.cxd5 a6 9.a4 
Nbd7 10.Nf3 Nh5 11.Bg5 Bf6 12.Be3 Ne5 13.Be2 Nxf3+ 14.Bxf3 Ng7 15.Qd2 O-O 
16.O-O Re8 17.Rfe1 Rb8 18.Rab1 Qa5 19.Bf4 Be5 20.Bxe5 Rxe5 21.Be2 b5 22.axb5 
axb5 23.f4 Re8 24.Bf3 b4 25.Nd1 c4 26.e5 Nf5 27.Nf2 c3 28.bxc3 bxc3 29.Qd3 Rxb1 
30.Rxb1 Qc5 31.Rb5 Qd4 32.Qxd4 Nxd4 33.Rb4 c2 34.Rc4 Ba6 35.Rc3 Rc8 36.Rxc8+ 
Bxc8 37.Nd3 Nb3 38.exd6 Kf8 39.Bg4 Bxg4 40.hxg4 Ke8 41.Kf2 Kd7 42.Kg3 Kxd6 
43.Kh4 h6 44.f5 Kxd5 45.Nb4+ Ke5 46.Nxc2 gxf5 47.gxf5 Kxf5 48.Kh5 Kf4 49.Kxh6 
Nc5 50.Kg7 f5 51.Kf6 Ne4+ 52.Ke6 Ng5+ 53.Kf6 Ne4+ 54.Ke6 1/2-1/2

[Event "Macieja Memorial"]
[Site "Warsaw POL"]
[Date "2022.07.08"]
[Round "6.12"]
[White "Heberla, Bartlomiej"]
[Black "Niezhentsev, Kyrylo"]
[Result "1-0"]
[WhiteElo "2361"]
[BlackElo "2054"]
[EventDate "????.??.??"]
[PlyCount "103"]

1.d4 Nf6 2.Nf3 b6 3.c4 e6 4.a3 Bb7 5.Nc3 d5 6.cxd5 exd5 7.Bg5 Be7 8.Qa4+ c6 
9.e3 Nbd7 10.Bd3 O-O 11.O-O c5 12.Ne5 Nxe5 13.dxe5 Ne4 14.Bxe7 Qxe7 15.Nxe4 
dxe4 16.Bxe4 Bxe4 17.Qxe4 Rfe8 18.f4 f6 19.Rad1 fxe5 20.f5 Rad8 21.Rd5 Qf7 
22.Rfd1 Rxd5 23.Rxd5 Qe7 24.a4 h6 25.b3 a6 26.Qd3 e4 27.Qxa6 Qh4 28.Qe2 Rd8 
29.Qd1 Rxd5 30.Qxd5+ Kh8 31.Kf1 Qxh2 32.Qxe4 Qh1+ 33.Kf2 Qd1 34.Qe8+ Kh7 
35.Qg6+ Kh8 36.Qxb6 Qc2+ 37.Ke1 Qc1+ 38.Ke2 Qc2+ 39.Ke1 Qc1+ 40.Kf2 Qc2+ 41.Kg3 
Qxf5 42.Qb8+ Kh7 43.Qf4 Qc2 44.Qc4 Qd2 45.Kf3 Qd1+ 46.Ke4 Qg4+ 47.Kd5 Qxg2+ 
48.Qe4+ Qxe4+ 49.Kxe4 h5 50.a5 h4 51.a6 h3 52.Kf3 1-0

[Event "Macieja Memorial"]
[Site "Warsaw POL"]
[Date "2022.07.08"]
[Round "6.14"]
[White "Goraj, Barbara"]
[Black "Leniart, Arkadiusz"]
[Result "1/2-1/2"]
[WhiteElo "2015"]
[BlackElo "2327"]
[EventDate "????.??.??"]
[PlyCount "97"]

1.e4 e5 2.Nf3 Nc6 3.Bb5 a6 4.Bxc6 dxc6 5.O-O Ne7 6.d4 exd4 7.Nxd4 c5 8.Ne2 Qxd1 
9.Rxd1 Bd7 10.Nbc3 O-O-O 11.Bg5 f6 12.Be3 b6 13.Nf4 Ng6 14.Nxg6 hxg6 15.Nd5 g5 
16.Rd2 Re8 17.f3 g4 18.Bf4 gxf3 19.gxf3 c4 20.Nxc7 Bc5+ 21.Kh1 Be3 22.Bxe3 Kxc7 
23.Bxb6+ Kc8 24.Rad1 Bc6 25.Bf2 f5 26.Rd4 fxe4 27.Rxc4 Kb7 28.fxe4 Rxe4 29.Rxe4 
Bxe4+ 30.Kg1 Kc6 31.c3 Rh6 32.Bg3 Re6 33.Re1 g6 34.Kf2 a5 35.Ke3 Bd5+ 36.Kf4 
Rxe1 37.Bxe1 Bxa2 38.Kg5 Bb1 39.Bf2 Kb5 40.Bd4 Kc4 41.Bf6 a4 42.Be7 Kb3 43.Ba3 
Bc2 44.h4 Kc4 45.Kf4 Bb1 46.Kg5 Bc2 47.h5 gxh5 48.Kxh5 Bb3 49.Kg5 1/2-1/2

[Event "Macieja Memorial"]
[Site "Warsaw POL"]
[Date "2022.07.08"]
[Round "6.15"]
[White "Kuzmicz, Krystian"]
[Black "Fudala, Dominik"]
[Result "1/2-1/2"]
[WhiteElo "2307"]
[BlackElo "1698"]
[EventDate "????.??.??"]
[PlyCount "58"]

1.e4 e6 2.d3 d5 3.Nd2 Nf6 4.g3 Nc6 5.Bg2 dxe4 6.dxe4 e5 7.Ngf3 Bc5 8.O-O O-O 
9.Qe2 a6 10.c3 b5 11.Nb3 Bb6 12.Be3 Be6 13.Rfd1 Qe7 14.Bxb6 cxb6 15.Qe3 Qc7 
16.Nh4 Rad8 17.Nf5 Bxf5 18.exf5 Ne7 19.Be4 Nxe4 20.Qxe4 Nc6 21.f6 gxf6 22.Qg4+ 
Kh8 23.Qf3 Ne7 24.Qxf6+ Kg8 25.Re1 Ng6 26.h4 Rfe8 27.h5 Qe7 28.Qf5 Nf8 29.Re4 
Qe6 1/2-1/2

[Event "Macieja Memorial"]
[Site "Warsaw POL"]
[Date "2022.07.08"]
[Round "6.16"]
[White "Czernek, Tymon"]
[Black "Nguyen, Piotr"]
[Result "0-1"]
[WhiteElo "1973"]
[BlackElo "2300"]
[EventDate "????.??.??"]
[PlyCount "86"]

1.e4 g6 2.d4 Bg7 3.Nf3 d6 4.Be3 Nf6 5.Bd3 O-O 6.O-O Nc6 7.c3 e5 8.h3 h6 9.Nbd2 
Nh5 10.Bb5 Qf6 11.Re1 Nf4 12.Nf1 g5 13.Bxc6 bxc6 14.N3h2 Qg6 15.Ng3 a5 16.Rc1 
a4 17.Qc2 h5 18.Nf5 Re8 19.Nf3 Bf6 20.Kh2 d5 21.dxe5 dxe4 22.exf6 Bxf5 23.Nd4 
Qxf6 24.Rcd1 Bg6 25.g3 Nd3 26.Rf1 c5 27.Nb5 Qe5 28.c4 h4 29.Nc3 a3 30.b3 Rad8 
31.Nd5 c6 32.Nc3 Rd6 33.Ne2 Red8 34.Bd2 Nxf2 35.Bc3 Qe6 36.Rxd6 Rxd6 37.Rxf2 e3 
38.Rf6 Bxc2 39.Rxe6 Rxe6 40.gxh4 gxh4 41.Kg2 Be4+ 42.Kg1 Rg6+ 43.Kf1 Bd3 0-1

[Event "Macieja Memorial"]
[Site "Warsaw POL"]
[Date "2022.07.08"]
[Round "6.17"]
[White "Raczek, Krzysztof"]
[Black "Kowalski, Igor"]
[Result "1/2-1/2"]
[WhiteElo "1951"]
[BlackElo "2287"]
[EventDate "????.??.??"]
[PlyCount "123"]

1.Nf3 d5 2.b3 Nf6 3.Bb2 Bf5 4.e3 e6 5.Be2 h6 6.O-O Nbd7 7.d4 Bd6 8.c4 c6 9.Nc3 
O-O 10.Rc1 Ne4 11.Re1 Qf6 12.Bf1 g5 13.Nxe4 Bxe4 14.Nd2 Bg6 15.e4 dxe4 16.Nxe4 
Bxe4 17.Rxe4 Qg6 18.Bd3 f5 19.Re1 Rae8 20.Rc2 Nf6 21.Qf3 g4 22.Qd1 Qh5 23.g3 
Nh7 24.Bf1 Ng5 25.Bg2 f4 26.Qd3 fxg3 27.fxg3 Nf3+ 28.Bxf3 Rxf3 29.Qe4 e5 30.c5 
Bf8 31.d5 cxd5 32.Qxd5+ Qf7 33.Qxf7+ Kxf7 34.Rxe5 Rxe5 35.Bxe5 Ke6 36.Bd4 Kd5 
37.Bf2 Rd3 38.Kg2 h5 39.h3 a6 40.hxg4 hxg4 41.Kf1 Rd1+ 42.Ke2 Ra1 43.a4 Rb1 
44.Rc3 Rb2+ 45.Kf1 Bg7 46.Rd3+ Ke4 47.Rd7 Be5 48.Kg2 Rxb3 49.Re7 Rb2 50.Kg1 Kd5 
51.Rf7 Ra2 52.Rxb7 Rxa4 53.Rd7+ Ke4 54.Re7 a5 55.c6 Rc4 56.Ra7 a4 57.Kg2 Rc2 
58.Rxa4+ Kd5 59.Ra5+ Ke4 60.Rc5 Rxc5 61.Bxc5 Kd5 62.Be3 1/2-1/2

[Event "Macieja Memorial"]
[Site "Warsaw POL"]
[Date "2022.07.08"]
[Round "6.18"]
[White "Karolczuk, Iwo"]
[Black "Chiszko, Oskar"]
[Result "1-0"]
[WhiteElo "2281"]
[BlackElo "1694"]
[EventDate "????.??.??"]
[PlyCount "109"]

1.d4 Nf6 2.Nf3 g6 3.c3 Bg7 4.Bf4 O-O 5.e3 d5 6.Be2 Nbd7 7.Nbd2 e6 8.b4 b6 9.h3 
Bb7 10.O-O Rc8 11.a4 c5 12.a5 c4 13.axb6 axb6 14.Ra7 Bc6 15.Qc2 b5 16.Ne5 Nxe5 
17.Bxe5 Nd7 18.Bxg7 Kxg7 19.Bf3 f5 20.Rfa1 Rc7 21.R7a6 Rc8 22.R1a5 Nb6 23.Bd1 
Rf7 24.Nf3 Nd7 25.Qa2 Qc7 26.Ra7 Qd6 27.R5a6 Re7 28.h4 h6 29.Qa5 Kf6 30.Qxb5 
Nb8 31.Rxe7 Qxe7 32.Rxc6 Nxc6 33.Ba4 g5 34.Qa6 Qc7 35.b5 Nb8 36.Qa8 Nd7 37.Qc6 
Qxc6 38.bxc6 Nb6 39.Bb5 Na8 40.Ne5 Nc7 41.Ba4 g4 42.f3 h5 43.fxg4 fxg4 44.Bc2 
Ra8 45.Bg6 Rh8 46.Kh2 Nb5 47.Bc2 Nc7 48.Bg6 Nb5 49.Bc2 Nc7 50.Kg3 Nb5 51.Nd7+ 
Ke7 52.Ne5 Nxc3 53.Ng6+ Kf6 54.Nxh8 Ne2+ 55.Kf2 1-0

[Event "Macieja Memorial"]
[Site "Warsaw POL"]
[Date "2022.07.08"]
[Round "6.19"]
[White "Vanduyfhuys, Daria"]
[Black "Mikrut, Dariusz"]
[Result "0-1"]
[WhiteElo "1716"]
[BlackElo "2266"]
[EventDate "????.??.??"]
[PlyCount "88"]

1.d4 Nf6 2.c4 g6 3.Nc3 Bg7 4.e4 d6 5.Nf3 O-O 6.Be2 Nbd7 7.O-O e5 8.d5 Nc5 9.Qc2 
a5 10.Ne1 Bg4 11.Bxg4 Nxg4 12.f3 Nf6 13.Nd3 Nfd7 14.Nxc5 Nxc5 15.Be3 b6 16.b3 
f5 17.a3 fxe4 18.fxe4 a4 19.b4 Nb3 20.Rad1 Nd4 21.Qd3 Qh4 22.Bf2 Qe7 23.Ne2 
Nxe2+ 24.Qxe2 Bh6 25.Be3 Bxe3+ 26.Qxe3 Kg7 27.Rc1 Rxf1+ 28.Rxf1 Rf8 29.Rxf8 
Qxf8 30.Qf3 Qf4 31.Kf2 Qd2+ 32.Kg3 h5 33.h3 Qc2 34.Qf1 Qxe4 35.Kh2 Qf4+ 36.Qxf4 
exf4 37.g3 fxg3+ 38.Kxg3 g5 39.Kf3 Kf6 40.Ke4 Kg6 41.Kd4 Kf5 42.c5 b5 43.cxd6 
cxd6 44.Ke3 g4 0-1

[Event "Macieja Memorial"]
[Site "Warsaw POL"]
[Date "2022.07.08"]
[Round "6.20"]
[White "Sadzikowski, Daniel"]
[Black "Gorniewicz, Oskar"]
[Result "1-0"]
[WhiteElo "2297"]
[BlackElo "1895"]
[EventDate "????.??.??"]
[PlyCount "128"]

1.c4 a6 2.g3 f5 3.Bg2 Nf6 4.Nc3 e6 5.Nf3 Nc6 6.O-O Be7 7.d4 O-O 8.d5 Na7 9.Bf4 
exd5 10.cxd5 Nb5 11.Nxb5 axb5 12.d6 Bxd6 13.Bxd6 cxd6 14.Qb3+ Kh8 15.Qxb5 Qa5 
16.Qxa5 Rxa5 17.a3 Ne4 18.e3 b6 19.Nd4 Bb7 20.Rfd1 Rc5 21.Rac1 g6 22.b4 Rxc1 
23.Rxc1 Ra8 24.Rc7 Bd5 25.Nc2 Bb3 26.Bxe4 fxe4 27.Kg2 Bxc2 28.Rxc2 Rxa3 29.Rc8+ 
Kg7 30.Rb8 Kf6 31.Rxb6 Ke6 32.b5 Ra2 33.g4 g5 34.h3 Rb2 35.Rb8 Kd5 36.b6 h6 
37.b7 Rb1 38.Rh8 Rxb7 39.Rxh6 Rb5 40.Rg6 Kc4 41.Kg3 Rd5 42.h4 gxh4+ 43.Kxh4 Kc5 
44.Kg3 Rd1 45.Rf6 d5 46.g5 Rg1+ 47.Kh4 d4 48.exd4+ Kxd4 49.Rd6+ Ke5 50.Rxd7 Rg2 
51.Rf7 Ke6 52.Rf8 Ke7 53.Rf4 Ke6 54.Kh5 Ke5 55.Rf8 Ke6 56.g6 Rh2+ 57.Kg5 Rg2+ 
58.Kh6 Rh2+ 59.Kg7 Rg2 60.Kh7 Rh2+ 61.Kg8 Rg2 62.g7 Ke7 63.Rf4 Kd6 64.Rxe4 Rxf2 1-0

[Event "Macieja Memorial"]
[Site "Warsaw POL"]
[Date "2022.07.08"]
[Round "6.21"]
[White "Jarmula, Lukasz"]
[Black "Reshetniak, Vitaliy"]
[Result "1-0"]
[WhiteElo "2246"]
[BlackElo "2053"]
[EventDate "????.??.??"]
[PlyCount "146"]

1.d4 Nf6 2.Bf4 c5 3.d5 b5 4.Nf3 d6 5.e4 Qa5+ 6.Bd2 Qb6 7.a4 b4 8.a5 Qc7 9.Bb5+ 
Bd7 10.Bc4 g6 11.O-O Bg7 12.Re1 Bg4 13.Bf4 Nbd7 14.Nbd2 O-O 15.Qc1 Nh5 16.Bg5 
Ne5 17.Nxe5 Bxe5 18.h3 Bc8 19.Nf3 Bg7 20.Bh6 e5 21.dxe6 Bxe6 22.Bxe6 fxe6 
23.Bxg7 Qxg7 24.Re3 e5 25.Qd2 Rad8 26.Ng5 Nf4 27.g3 Qf6 28.gxf4 exf4 29.Qd5+ 
Kh8 30.Rf3 Rde8 31.h4 Re5 32.Qd2 h6 33.Nh3 Rxe4 34.Kh2 Qxh4 35.Qxd6 Kg7 36.Rg1 
g5 37.Qc7+ Rf7 38.Qc6 Rfe7 39.Qxc5 g4 40.Qf5 h5 41.Qg5+ Qxg5 42.Nxg5 gxf3 
43.Nxe4+ Kh6 44.Ng5 Re2 45.Nh3 Rxc2 46.Rd1 Rxb2 47.Rd6+ Kg7 48.Rd7+ Kf6 49.Rxa7 
Ra2 50.a6 b3 51.Rb7 Rxa6 52.Rxb3 Kf5 53.Rxf3 Ra4 54.Rb3 Kg4 55.f3+ Kf5 56.Rb5+ 
Kg6 57.Kg2 Ra2+ 58.Nf2 Rc2 59.Re5 Rb2 60.Re4 Kf5 61.Ra4 Rc2 62.Ra5+ Kg6 63.Kf1 
Rc3 64.Kg2 Rc2 65.Ra3 Rb2 66.Kf1 Kg5 67.Kg2 Rc2 68.Ra5+ Kg6 69.Kg1 Rb2 70.Nh3 
Rb4 71.Rg5+ Kh6 72.Rf5 Kg6 73.Rxf4 Rb2 1-0

[Event "Macieja Memorial"]
[Site "Warsaw POL"]
[Date "2022.07.08"]
[Round "6.22"]
[White "Dovzhenko, Alexander"]
[Black "Baum, Jonasz"]
[Result "0-1"]
[WhiteElo "2052"]
[BlackElo "2240"]
[EventDate "????.??.??"]
[PlyCount "50"]

1.e4 c5 2.Nc3 a6 3.f4 b5 4.Nf3 Bb7 5.d3 e6 6.Be3 Nf6 7.h3 Be7 8.e5 Nd5 9.Nxd5 
Bxd5 10.d4 cxd4 11.Bxd4 Nc6 12.Be3 Bh4+ 13.Ke2 O-O 14.b3 d6 15.exd6 Bf6 16.Rc1 
Qxd6 17.c4 bxc4 18.bxc4 Bxf3+ 19.Kxf3 Qa3 20.Qb3 Qxc1 21.Bxc1 Nd4+ 22.Ke4 Nxb3 
23.axb3 Rfb8 24.Be3 Rxb3 25.Be2 a5 0-1

[Event "Macieja Memorial"]
[Site "Warsaw POL"]
[Date "2022.07.08"]
[Round "6.23"]
[White "Rudzinska, Michalina"]
[Black "Grabarczyk, Miroslaw"]
[Result "1-0"]
[WhiteElo "1905"]
[BlackElo "2221"]
[EventDate "????.??.??"]
[PlyCount "83"]

1.e4 e5 2.Bc4 Nc6 3.Nc3 Nf6 4.d3 Bb4 5.Ne2 d5 6.exd5 Nxd5 7.O-O Bxc3 8.Nxc3 
Nxc3 9.bxc3 O-O 10.Qf3 Be6 11.Bxe6 fxe6 12.Qg4 Qd7 13.Rb1 b6 14.Re1 Rf5 15.h4 
Raf8 16.Be3 R5f6 17.h5 Rf5 18.h6 R8f7 19.hxg7 Rxg7 20.Qe4 Ne7 21.c4 Ng6 22.Kf1 
Ne7 23.Ke2 Nc6 24.Kd2 Nd4 25.c3 Nc6 26.Rh1 Ne7 27.g4 Rff7 28.Qxe5 Rxg4 29.Rbg1 
Rxg1 30.Rxg1+ Ng6 31.Qe4 e5 32.Bh6 Qe8 33.Rg2 Qe7 34.Qa8+ Rf8 35.Bxf8 Qxf8 
36.Qxf8+ Kxf8 37.Ke3 Kg7 38.Ke4 h5 39.Rg5 Kf6 40.Rxh5 Nf4 41.Rf5+ Ke6 42.Rxe5+ 1-0

[Event "Macieja Memorial"]
[Site "Warsaw POL"]
[Date "2022.07.08"]
[Round "6.24"]
[White "Lasota, Adam"]
[Black "Kokoszczynski, Jan"]
[Result "1/2-1/2"]
[WhiteElo "1892"]
[BlackElo "2160"]
[EventDate "????.??.??"]
[PlyCount "122"]

1.d4 c5 2.c3 g6 3.Bf4 Bg7 4.e3 Nf6 5.Be2 O-O 6.h3 d5 7.Nf3 Nc6 8.Nbd2 Nd7 9.O-O 
e5 10.dxe5 Ndxe5 11.Nxe5 Nxe5 12.Nf3 Nc6 13.Qb3 b6 14.Rad1 Na5 15.Qxd5 Qxd5 
16.Rxd5 Be6 17.Rdd1 Bxa2 18.Be5 Bb3 19.Ra1 Rfd8 20.Bxg7 Kxg7 21.Bd1 Rd7 22.Bxb3 
Nxb3 23.Ra3 Nd2 24.Rfa1 a5 25.Nxd2 Rxd2 26.b4 cxb4 27.cxb4 Rd7 28.bxa5 Rda7 
29.a6 b5 30.Rb1 Rxa6 31.Rxa6 Rxa6 32.Rxb5 Ra2 33.g3 Rc2 34.Kg2 Ra2 35.h4 h5 
36.Rb4 Rc2 37.Rf4 Ra2 38.Kh3 Rb2 39.g4 hxg4+ 40.Kxg4 Rb5 41.Kg3 Rb2 42.Ra4 Rb5 
43.f4 Rb1 44.Ra5 Rg1+ 45.Kf3 Rh1 46.Kg4 Rg1+ 47.Kf3 Rh1 48.Kg3 Rg1+ 49.Kh2 Re1 
50.Ra3 Kf6 51.Kg3 Rg1+ 52.Kh2 Re1 53.Kg3 Kf5 54.Ra5+ Kf6 55.Kf3 Rh1 56.Ra6+ Kg7 
57.Kg4 Rg1+ 58.Kf3 Rh1 59.Kg4 Rg1+ 60.Kf3 Rh1 61.Kg4 Rg1+ 1/2-1/2

[Event "Macieja Memorial"]
[Site "Warsaw POL"]
[Date "2022.07.08"]
[Round "6.25"]
[White "Jakubowska, Anna"]
[Black "Golecki, Jan"]
[Result "0-1"]
[WhiteElo "1878"]
[BlackElo "2109"]
[EventDate "????.??.??"]
[PlyCount "82"]

1.e4 e5 2.Nc3 d6 3.g3 c6 4.Bg2 f5 5.d3 Nf6 6.Nge2 Be7 7.O-O O-O 8.exf5 Bxf5 
9.d4 e4 10.d5 Qa5 11.Bg5 Nbd7 12.Nd4 Bg4 13.Qd2 cxd5 14.h3 Bh5 15.Nf5 Rae8 
16.Nxe7+ Rxe7 17.g4 Bf7 18.Rad1 Rfe8 19.Qd4 Qc5 20.Bf4 Ne5 21.Qa4 a6 22.Be3 Qc6 
23.Qb3 Nc4 24.Bd4 Nd7 25.Ne2 b5 26.Qg3 e3 27.f4 Nc5 28.f5 Ne4 29.Qh4 Ned2 30.f6 
Re6 31.fxg7 Nxf1 32.Rxf1 Qd7 33.Nf4 Re4 34.Bxe4 Rxe4 35.c3 e2 36.Re1 Rxf4 
37.Rxe2 Re4 38.Rxe4 dxe4 39.Qf6 e3 40.Qf3 Qe8 41.Kf1 Nd2+ 0-1

[Event "Macieja Memorial"]
[Site "Warsaw POL"]
[Date "2022.07.08"]
[Round "6.26"]
[White "Skrzypczynski, Kacper"]
[Black "Makarewicz, Pawel"]
[Result "1-0"]
[WhiteElo "1746"]
[BlackElo "2059"]
[EventDate "????.??.??"]
[PlyCount "73"]

1.d4 e6 2.c4 d5 3.Nc3 c5 4.e3 Nc6 5.Nf3 Nf6 6.cxd5 Nxd5 7.Bd2 Be7 8.Bb5 Qc7 
9.Ne5 Bd7 10.Nxd7 Qxd7 11.Qa4 cxd4 12.Nxd5 exd5 13.exd4 O-O 14.O-O a6 15.Bxc6 
bxc6 16.Rac1 Rfc8 17.Be3 Bf6 18.Rc2 Qb7 19.Rfc1 h6 20.Rxc6 Rxc6 21.Qxc6 Qa7 
22.Qc5 Qd7 23.b3 Rb8 24.Qc6 Qxc6 25.Rxc6 Ra8 26.Rc5 Rd8 27.Rc6 Ra8 28.Rd6 a5 
29.Rxd5 a4 30.b4 a3 31.Kf1 Ra4 32.Rb5 Be7 33.Bd2 Kf8 34.Ke2 Ra8 35.Kd3 Bd6 
36.Ra5 Ke7 37.Rxa8 1-0

[Event "Macieja Memorial"]
[Site "Warsaw POL"]
[Date "2022.07.08"]
[Round "6.27"]
[White "Rekuc, Patryk"]
[Black "Kanarek, Marcel"]
[Result "0-1"]
[WhiteElo "1762"]
[BlackElo "2394"]
[EventDate "????.??.??"]
[PlyCount "78"]

1.e4 c5 2.Nf3 d6 3.d4 cxd4 4.Nxd4 Nf6 5.Nc3 g6 6.Be3 Bg7 7.f3 a6 8.Qd2 h5 
9.O-O-O Nbd7 10.Bd3 b5 11.g3 Bb7 12.h3 Nb6 13.g4 Nfd7 14.f4 Nc5 15.f5 Be5 
16.fxg6 fxg6 17.gxh5 gxh5 18.Rhf1 Qd7 19.Nf3 Nxd3+ 20.cxd3 Qc7 21.Nxe5 dxe5 
22.Qf2 Na4 23.Qf7+ Kd8 24.Kb1 Nxc3+ 25.bxc3 Bc6 26.d4 Bxe4+ 27.Kb2 Kc8 28.dxe5 
Kb7 29.Qe6 Rad8 30.Rd4 Rxd4 31.Bxd4 Rd8 32.Re1 Rxd4 33.cxd4 Qc2+ 34.Ka3 Qc3+ 
35.Qb3 Qxe1 36.d5 Qa5+ 37.Kb2 Qd2+ 38.Ka3 Qxd5 39.Qg3 Qd3+ 0-1

[Event "Macieja Memorial"]
[Site "Warsaw POL"]
[Date "2022.07.08"]
[Round "6.28"]
[White "Mirski, Michal"]
[Black "Olszewski, Michal"]
[Result "0-1"]
[WhiteElo "1798"]
[BlackElo "2344"]
[EventDate "????.??.??"]
[PlyCount "98"]

1.e4 c5 2.Nf3 d6 3.d4 cxd4 4.Nxd4 Nf6 5.Nc3 a6 6.g3 e5 7.Nde2 Be7 8.Bg2 h5 
9.Bg5 Be6 10.O-O Nbd7 11.Qd2 b5 12.Bxf6 Nxf6 13.a4 b4 14.Nd5 a5 15.c4 Nxd5 
16.exd5 Bg4 17.h3 Bxe2 18.Qxe2 h4 19.g4 O-O 20.Rad1 Rc8 21.b3 Bg5 22.Be4 g6 
23.Bb1 Kg7 24.Kh1 Bf4 25.Qe4 Qb6 26.Rd3 Rce8 27.Qg2 e4 28.Rdd1 e3 29.Rde1 e2 
30.Rg1 Bd2 31.f4 Bxe1 32.Rxe1 Qe3 33.f5 Re5 34.g5 gxf5 35.Kh2 f4 36.Qg4 Qg3+ 
37.Qxg3 hxg3+ 38.Kg2 Re3 39.h4 Rh8 40.Kh3 Rhe8 41.Bc2 Rc3 42.Bf5 Rxb3 43.h5 Re5 
44.h6+ Kh8 45.Kg4 g2 46.g6 fxg6 47.Bxg6 g1=Q+ 48.Rxg1 e1=Q 49.Rxe1 Rxe1 0-1

[Event "Macieja Memorial"]
[Site "Warsaw POL"]
[Date "2022.07.08"]
[Round "6.29"]
[White "Hryszkiewicz, Michal"]
[Black "Szustakowski, Antoni"]
[Result "0-1"]
[WhiteElo "1787"]
[BlackElo "2173"]
[EventDate "????.??.??"]
[PlyCount "80"]

1.d4 Nf6 2.Bf4 c5 3.d5 g6 4.c4 Bg7 5.Nc3 d6 6.e4 e6 7.Bd3 exd5 8.cxd5 O-O 9.Nf3 
Bg4 10.h3 Bxf3 11.Qxf3 Qe7 12.O-O Nbd7 13.Bc2 Ne5 14.Qe2 Rab8 15.a4 a6 16.Rad1 
Rfe8 17.Rfe1 Nfd7 18.Bg3 g5 19.f3 Ng6 20.Qf2 b5 21.axb5 axb5 22.Ra1 Bd4 23.Re3 
Nde5 24.Qe2 Nc4 25.Bf2 Nxe3 26.Bxe3 Nf4 27.Qf2 Bxe3 28.Qxe3 Qe5 29.Qd2 Qd4+ 
30.Qxd4 cxd4 31.Nd1 Rec8 32.Bb3 Nd3 33.Ra6 Nc5 34.Rxd6 Nxb3 35.Ra6 Rc1 36.d6 
Rxd1+ 37.Kh2 Rd8 38.e5 d3 39.Rb6 d2 40.Rxb5 Re1 0-1

[Event "Macieja Memorial"]
[Site "Warsaw POL"]
[Date "2022.07.08"]
[Round "6.30"]
[White "Nurkiewicz, Maciej"]
[Black "Owoc, Jakub"]
[Result "1-0"]
[WhiteElo "2171"]
[BlackElo "1779"]
[EventDate "????.??.??"]
[PlyCount "81"]

1.e4 c6 2.d4 d5 3.Nc3 dxe4 4.Nxe4 Bf5 5.Ng3 Bg6 6.Nf3 Nd7 7.h4 h6 8.h5 Bh7 
9.Bd3 Bxd3 10.Qxd3 e6 11.Bd2 Ngf6 12.O-O-O Be7 13.Ne4 Nxe4 14.Qxe4 Nf6 15.Qe2 
Qd5 16.Kb1 O-O-O 17.Bc1 Qe4 18.Rde1 Qxe2 19.Rxe2 c5 20.dxc5 Bxc5 21.Ne5 Rhf8 
22.Rh3 Bd4 23.Nd3 Rd5 24.c3 Bb6 25.Nf4 Rd1 26.Kc2 Rfd8 27.Bd2 Rf1 28.Rg3 e5 
29.Rxe5 Rxf2 30.Nd3 Rf1 31.Rxg7 Rh1 32.Rxf7 Nxh5 33.Re6 Ng3 34.Bf4 Nf1 35.Rxh6 
Rg1 36.Rg7 Ne3+ 37.Bxe3 Bxe3 38.Rhh7 Bb6 39.c4 Ba5 40.b4 Bb6 41.c5 1-0

[Event "Macieja Memorial"]
[Site "Warsaw POL"]
[Date "2022.07.08"]
[Round "6.32"]
[White "Sacharewicz, Krzysztof"]
[Black "Lach, Aleksandra"]
[Result "0-1"]
[WhiteElo "1776"]
[BlackElo "2083"]
[EventDate "????.??.??"]
[PlyCount "70"]

1.d4 f5 2.Nf3 Nf6 3.c4 d6 4.Nc3 g6 5.g3 Bg7 6.Bg2 O-O 7.O-O c6 8.Bg5 Nbd7 9.Re1 
Ne4 10.Be3 Nxc3 11.bxc3 e5 12.Qb3 Kh8 13.c5 d5 14.dxe5 Nxe5 15.Nxe5 Bxe5 16.c4 
d4 17.Red1 Qf6 18.Bd2 Qe7 19.Rab1 Rf7 20.Qa3 Be6 21.Rdc1 f4 22.Rb3 fxg3 23.hxg3 
Raf8 24.Rf3 Bg4 25.Rxf7 Qxf7 26.Bf3 Bxf3 27.exf3 Qxf3 28.Qxf3 Rxf3 29.Rb1 Rf7 
30.f4 Bg7 31.Kf2 Bf8 32.Bb4 Rd7 33.Kf3 Kg7 34.Rd1 b6 35.Ba3 bxc5 0-1

[Event "Macieja Memorial"]
[Site "Warsaw POL"]
[Date "2022.07.08"]
[Round "6.33"]
[White "Shilov, Sergej"]
[Black "Zalega, Maciej"]
[Result "1-0"]
[WhiteElo "2082"]
[BlackElo "1748"]
[EventDate "????.??.??"]
[PlyCount "59"]

1.e4 c5 2.f4 Nc6 3.Nf3 g6 4.Bc4 e6 5.O-O Bg7 6.d3 Nge7 7.f5 exf5 8.Nc3 O-O 
9.Qe1 Nd4 10.Qh4 fxe4 11.Ng5 h5 12.Nxf7 Qb6 13.Qxe7 d5 14.Bxd5 Be6 15.Nh6+ Kh7 
16.Rxf8 Rxf8 17.Bg5 Bxd5 18.Nxd5 Qxb2 19.Re1 Ne2+ 20.Kh1 exd3 21.cxd3 Qe5 
22.Qxe5 Bxe5 23.g3 Bg7 24.Rxe2 Bxh6 25.Re7+ Bg7 26.Bf6 Rg8 27.Rxb7 Kh6 28.Bxg7+ 
Rxg7 29.Rxg7 Kxg7 30.Kg2 1-0

[Event "Macieja Memorial"]
[Site "Warsaw POL"]
[Date "2022.07.08"]
[Round "6.34"]
[White "Kazmierowski, Tymon"]
[Black "Wasilewski, Bartlomiej"]
[Result "1-0"]
[WhiteElo "1749"]
[BlackElo "2063"]
[EventDate "????.??.??"]
[PlyCount "73"]

1.d4 d6 2.Nf3 Bg4 3.e3 Nd7 4.Be2 Ngf6 5.O-O c6 6.b3 Qc7 7.Bb2 Rd8 8.Nbd2 e5 
9.c4 e4 10.Ne1 Bxe2 11.Qxe2 d5 12.Rc1 Qb8 13.f3 Bd6 14.g3 exf3 15.Nexf3 O-O 
16.e4 dxe4 17.Nxe4 Rfe8 18.Nxf6+ Nxf6 19.Ne5 a6 20.Qf3 Qa7 21.c5 Bc7 22.Rce1 
Rf8 23.b4 Rd5 24.g4 Bxe5 25.dxe5 Nd7 26.Qc3 Nxc5 27.bxc5 Rxc5 28.Qe3 b6 29.Ba3 
Rd5 30.Bxf8 Kxf8 31.e6 f6 32.e7+ Ke8 33.Qe6 b5+ 34.Kh1 Qb6 35.Qg8+ Kd7 36.e8=Q+ 
Kd6 37.Qe7# 1-0

[Event "Macieja Memorial"]
[Site "Warsaw POL"]
[Date "2022.07.08"]
[Round "6.35"]
[White "Dalkowski, Rafal"]
[Black "Pires, Emanuel Joao Robarts"]
[Result "0-1"]
[WhiteElo "1738"]
[BlackElo "2037"]
[EventDate "????.??.??"]
[PlyCount "66"]

1.d4 e6 2.c4 Nf6 3.Nf3 d5 4.Nc3 Be7 5.Bg5 O-O 6.e3 h6 7.Bh4 a6 8.cxd5 exd5 
9.Bd3 Re8 10.h3 c6 11.Qc2 Nbd7 12.O-O Ne4 13.Bxe7 Qxe7 14.Nd2 Ndf6 15.Rae1 b5 
16.f3 Ng3 17.Rf2 Nfh5 18.Nd1 Bd7 19.Nb3 Qg5 20.Nc5 Bc8 21.Kh2 a5 22.f4 Qh4 
23.Nc3 b4 24.Ne2 Nf5 25.g3 Nhxg3 26.Nxg3 Qxg3+ 27.Kh1 Rxe3 28.Rxe3 Nxe3 29.Qd2 
Bxh3 30.f5 Re8 31.f6 Ng4 32.Rf4 Re1+ 33.Qxe1 Qg2# 0-1

[Event "Macieja Memorial"]
[Site "Warsaw POL"]
[Date "2022.07.08"]
[Round "7.1"]
[White "Klekowski, Maciej"]
[Black "Koziorowicz, Michal"]
[Result "1-0"]
[WhiteElo "2476"]
[BlackElo "2202"]
[EventDate "????.??.??"]
[PlyCount "57"]

1.c4 g6 2.Nc3 Bg7 3.g3 Nf6 4.Bg2 O-O 5.e3 c6 6.Nge2 d5 7.b3 Bf5 8.d4 Nbd7 9.O-O 
Re8 10.cxd5 cxd5 11.Nxd5 Nxd5 12.Bxd5 e5 13.Bxb7 Rb8 14.Bg2 exd4 15.Nxd4 Qb6 
16.Nxf5 Bxa1 17.Nh6+ Kg7 18.Qxd7 Kxh6 19.Qxf7 Qf6 20.e4+ g5 21.Qd5 Rbd8 22.Qa5 
Re5 23.Qc7 Qe7 24.Qxe7 Rxe7 25.h4 Bf6 26.hxg5+ Bxg5 27.f4 Bf6 28.e5 Bh8 29.f5+ 1-0

[Event "Macieja Memorial"]
[Site "Warsaw POL"]
[Date "2022.07.08"]
[Round "7.2"]
[White "Markowski, Tomasz"]
[Black "Krasenkow, Michal"]
[Result "0-1"]
[WhiteElo "2504"]
[BlackElo "2369"]
[EventDate "????.??.??"]
[PlyCount "50"]

1.d4 d5 2.Nf3 c6 3.c4 e6 4.e3 f5 5.b3 Bd6 6.Bd3 Nf6 7.O-O Qe7 8.Bb2 O-O 9.Qc1 
b6 10.Ba3 Bxa3 11.Qxa3 c5 12.Nc3 Bb7 13.cxd5 Nxd5 14.Nxd5 Bxd5 15.Ne5 Qb7 
16.dxc5 Bxg2 17.Rfd1 Bh3 18.f3 Nc6 19.Nxc6 Qxc6 20.Kf2 Qc7 21.f4 bxc5 22.Rac1 
Qe7 23.Kg3 Bg4 24.Qxc5 Qxc5 25.Rxc5 Bxd1 0-1

[Event "Macieja Memorial"]
[Site "Warsaw POL"]
[Date "2022.07.08"]
[Round "7.3"]
[White "Kosakowski, Jakub"]
[Black "Wieczorek, Oskar"]
[Result "0-1"]
[WhiteElo "2476"]
[BlackElo "2330"]
[EventDate "????.??.??"]
[PlyCount "62"]

1.e4 c5 2.Nf3 e6 3.d4 cxd4 4.Nxd4 Nf6 5.Nc3 d6 6.g4 e5 7.Nf5 h5 8.Bg5 hxg4 
9.Nd5 Bxf5 10.Bxf6 gxf6 11.exf5 Bh6 12.h4 Nd7 13.Bb5 Kf8 14.Bxd7 Qxd7 15.Qxg4 
Rc8 16.Qe4 Qb5 17.b3 Qc5 18.c4 b5 19.cxb5 Qxb5 20.Rd1 Qa5+ 21.Qb4 Qxb4+ 22.Nxb4 
e4 23.Rh3 Bf4 24.Nd5 Be5 25.Ke2 Rh5 26.f3 exf3+ 27.Rxf3 Rxh4 28.a4 Rc2+ 29.Kd3 
Rb2 30.b4 Rb3+ 31.Ke2 Rh2+ 0-1